|
|
|
|
| LEADER |
00000cam a2200000 7i4500 |
| 001 |
0000014658 |
| 005 |
20080304.0 |
| 008 |
080304 |
| 020 |
|
|
|a 9833376118
|
| 090 |
0 |
0 |
|a 657.023
|b WAN
|
| 100 |
0 |
|
|a Wan Mohd. Nazif
|
| 245 |
1 |
0 |
|a Kerjaya dalam bidang perakaunan
|c Wan Mohd. Nazif, Fazilah Ibrahim
|
| 260 |
|
|
|a Pahang :
|b PTS Millenia Sdn Bhd ,
|c 2005
|
| 440 |
|
|
|a Siri pendidikan kerjaya
|
| 650 |
|
0 |
|a Accountants
|x Employment
|
| 650 |
|
0 |
|a Accountants
|x Vocational guidance
|
| 650 |
|
0 |
|a Accounting
|
| 700 |
0 |
|
|a Fazilah Ibrahim
|
| 999 |
|
|
|a 0000940110
|b Book
|c Adult Collection
|e Cawangan Taman Sri Lambak
|
| 999 |
|
|
|a 0001014602
|b Book
|c Adult Collection
|e Perbadanan Perpustakaan Awam Johor
|
| 999 |
|
|
|a 0001014603
|b Book
|c Adult Collection
|e Perbadanan Perpustakaan Awam Johor
|
| 999 |
|
|
|a 0001014604
|b Book
|c Adult Collection
|e Cawangan Urban Transformation Centre
|
| 999 |
|
|
|a 0001014605
|b Book
|c Adult Collection
|e Perbadanan Perpustakaan Awam Johor
|
| 999 |
|
|
|a 0001014606
|b Book
|c Adult Collection
|e Perbadanan Perpustakaan Awam Johor
|
| 999 |
|
|
|a 0001181237
|b Book
|c Adult Collection
|e Cawangan Bandar Tenggara
|
| 999 |
|
|
|a 0001181238
|b Book
|c Adult Collection
|e Cawangan Mersing
|
| 999 |
|
|
|a 0001181239
|b Book
|c Adult Collection
|e Cawangan Muar
|
| 999 |
|
|
|a 0001181240
|b Book
|c Adult Collection
|e Cawangan Segamat
|
| 999 |
|
|
|a 0001181243
|b Book
|c Adult Collection
|e Cawangan Pontian
|
| 999 |
|
|
|a 0001181244
|b Book
|c Adult Collection
|e Cawangan Taman Sri Lambak
|
| 999 |
|
|
|a 0001181245
|b Book
|c Adult Collection
|e Cawangan Tmn. Ungku Tun Aminah
|
| 999 |
|
|
|a 0001181247
|b Book
|c Adult Collection
|e Cawangan Bandar Penawar
|
| 999 |
|
|
|a 0001181248
|b Book
|c Adult Collection
|e Cawangan Bukit Gambir
|
| 999 |
|
|
|a 0001181249
|b Book
|c Adult Collection
|e Cawangan Bukit Gambir
|
| 999 |
|
|
|a 0001181250
|b Book
|c Adult Collection
|e Cawangan Segamat
|